[Event "SN-2010-0-00288"]
[Site "LSS email"]
[Date "2010.11.16"]
[Round "?"]
[White "Trebichalsky, Rastislav"]
[Black "Venturini, Sergio"]
[Result "0-1"]
[WhiteElo "552"]
[BlackElo "800"]
[PlyCount "56"]
[EventDate "2010.10.30"]
[EventType "tourn (corr)"]
[EventRounds "6"]
[EventCountry "GER"]
[SourceTitle "Telechess CBM 143"]
[Source "ChessBase"]
[SourceDate "2011.07.15"]
[SourceVersion "1"]
[SourceVersionDate "2011.07.15"]
[SourceQuality "1"]

1. e4 e5 2. d4 exd4 3. Qxd4 Nc6 4. Qd1 Nf6 5. Bg5 Be7 6. Bxf6 Bxf6 7. h3 Bxb2 8. Nd2 Bxa1 9. Qxa1 0-0 10. Bb5 Qg5 11. Bxc6 dxc6 12. Ngf3 Qg6 13. h4 Bg4 14. Ng5 h6 15. Ngf3 Rfe8 16. Qc3 Qe6 17. a4 a6 18. Nd4 Qf6 19. f3 Bh5 20. Qd3 Rad8 21. c3 c5 22. g4 Bxg4 23. fxg4 cxd4 24. cxd4 Rxd4 25. Qc2 Qf4 26. Rf1 Qe3+ 27. Kd1 Red8 28. Rf3 Qxf3+ 0-1

[Event "IECC CL5-2009.07 email"]
[Site "IECC email"]
[Date "2009.04.13"]
[Round "?"]
[White "Vio, Mauro"]
[Black "Venturini, Sergio"]
[Result "1-0"]
[WhiteElo "1590"]
[BlackElo "1467"]
[PlyCount "39"]
[EventDate "2009.??.??"]
[EventType "tourn (corr)"]
[EventRounds "4"]
[SourceTitle "Corr 2011"]
[Source "ChessBase"]
[SourceDate "2010.08.31"]
[SourceVersion "1"]
[SourceVersionDate "2010.08.31"]
[SourceQuality "1"]
[WhiteTeam "Italy"]
[BlackTeam "Italy"]
[WhiteTeamCountry "ITA"]
[BlackTeamCountry "ITA"]

1. c4 e5 2. Nc3 Nf6 3. Nf3 Nc6 4. d4 exd4 5. Nxd4 Bb4 6. Nxc6 bxc6 7. Bd2 0-0 8. e3 d5 9. cxd5 cxd5 10. Be2 Qe7 11. 0-0 a5 12. Qc2 Bd6 13. Nb5 Ba6 14. a4 Ne4 15. Bxa5 c5 16. Nxd6 Bxe2 17. Qxe2 Nxd6 18. Be1 Rfb8 19. Qc2 c4 20. Bc3 1-0